000 00705cam a22002291 4500
999 _c6574
_d6574
001 6574
003 BD-JhCC
005 20180127101156.0
008 720823s1966 nyu b 000 0 eng
035 _a(BD-JhCC)6574
040 _aDLC
_cODaWU
_dOCoLC
_dDLC
_dBD-JhCC
041 _aeng
050 0 0 _aCB245
_b.E39 1966a
082 _a909.0928
_bEAS 1966
100 1 _aEaston, Stewart C.
_q(Stewart Copinger),
_d1907-1989.
245 1 4 _aThe Western heritage from 1500 to the present. /
_cStewart C. Easton
260 _aNew York,
_bHolt, Rinehart and Winston
_c[1966]
300 _a627 p.
_bill. ;
_c26 cm.
504 _aIncludes bibliographies.
650 0 _aCivilization, Western
_xHistory.
942 _2ddc
_cBK